| 000 -LEADER |
| fixed length control field |
00677nam a2200193Ia 4500 |
| 001 - CONTROL NUMBER |
| control field |
15676 |
| 003 - CONTROL NUMBER IDENTIFIER |
| control field |
GE_BSU |
| 008 - FIXED-LENGTH DATA ELEMENTS--GENERAL INFORMATION |
| fixed length control field |
181216s||||||||xx |||||||||||||| ||und|| |
| 040 ## - CATALOGING SOURCE |
| Transcribing agency |
GE_BSU |
| 080 ## - UNIVERSAL DECIMAL CLASSIFICATION NUMBER |
| Universal Decimal Classification number |
821.353.1-32 |
| 100 ## - MAIN ENTRY--PERSONAL NAME |
| Personal name |
ჩიქოვანი, მიხეილ |
| 245 ## - TITLE STATEMENT |
| Title |
აღმშენებლობის მოთხრობები=Рассказы строительства |
| 260 ## - PUBLICATION, DISTRIBUTION, ETC. |
| Place of publication, distribution, etc. |
ჭიათურა |
| 260 ## - PUBLICATION, DISTRIBUTION, ETC. |
| Name of publisher, distributor, etc. |
ჭიათურის მაღაროელი |
| 260 ## - PUBLICATION, DISTRIBUTION, ETC. |
| Date of publication, distribution, etc. |
1931 |
| 300 ## - PHYSICAL DESCRIPTION |
| Extent |
115გვ. : პორტ. ; 16სმ |
| 653 ## - INDEX TERM--UNCONTROLLED |
| Uncontrolled term |
აღმშენებლობის მოთხრობები |
| 942 ## - ADDED ENTRY ELEMENTS (KOHA) |
| Koha item type |
წიგნი |